Complementariedade para competir (Record no. 178818)
[ view plain ]
| 000 -LEADER | |
|---|---|
| campo de control de longitud fija | 01519nam a2200349 4500 |
| 001 - NÚMERO DE CONTROL | |
| campo de control | 178818 |
| 003 - IDENTIFICADOR DE NÚMERO DE CONTROL | |
| campo de control | ES-MaACL |
| 005 - FECHA Y HORA DE LA ÚLTIMA TRANSACCIÓN | |
| campo de control | 20230905124008.0 |
| 008 - DATOS DE LONGITUD FIJA--INFORMACIÓN GENERAL | |
| campo de control de longitud fija | 110712s20092010sp abo |||| |dglg |
| 020 ## - NÚMERO INTERNACIONAL ESTÁNDAR DEL LIBRO | |
| Número Internacional Estándar del Libro | 978-84-613-6902-7 |
| 080 ## - NÚMERO DE LA CLASIFICACIÓN DECIMAL UNIVERSAL | |
| Número de la Clasificación Decimal Universal | 323.3(460.11) |
| 080 ## - NÚMERO DE LA CLASIFICACIÓN DECIMAL UNIVERSAL | |
| Número de la Clasificación Decimal Universal | 323.3(469-17) |
| 080 ## - NÚMERO DE LA CLASIFICACIÓN DECIMAL UNIVERSAL | |
| Número de la Clasificación Decimal Universal | 339.942(460.11) |
| 080 ## - NÚMERO DE LA CLASIFICACIÓN DECIMAL UNIVERSAL | |
| Número de la Clasificación Decimal Universal | 339.942(469-17) |
| 245 00 - MENCIÓN DEL TÍTULO | |
| Título | Complementariedade para competir |
| Resto del título | : Eixo Atlántico : unha estratexia polo territorio = Eixo Atlântico : uma estratégia pelo território / |
| Mención de responsabilidad, etc. | [coordinador da publicación = coordenador da publicaço, Román Rodríguez González ; autores, Paula Cristina Almeida Remoaldo ... et al.]. |
| 260 ## - PUBLICACIÓN, DISTRIBUCIÓN, ETC. | |
| Lugar de publicación, distribución, etc. | [Vigo] : |
| Nombre del editor, distribuidor, etc. | Eixo Atlântico do Noroeste Peninsular, |
| Fecha de publicación, distribución, etc. | 2009 |
| -- | [i.e. 2010] |
| 300 ## - DESCRIPCIÓN FÍSICA | |
| Extensión | 209 p. : |
| Otras características físicas | il., mapas, fot. ; |
| Dimensiones | 24 cm. |
| 490 1# - MENCIÓN DE SERIE | |
| Mención de serie | Textos para o debate |
| 504 ## - NOTA DE BIBLIOGRAFÍA, ETC. | |
| Nota de bibliografía, etc. | Referencias bibliográficas. |
| 546 ## - NOTA DE IDIOMA | |
| Nota de lengua/lenguaje | Textos en gallego, portugués y español. |
| 650 #7 - PUNTO DE ACCESO ADICIONAL DE MATERIA--TÉRMINO DE MATERIA | |
| Término de materia o nombre geográfico como elemento de entrada | Cooperación transfronteriza- |
| Subdivisión geográfica | España. |
| 9 (RLIN) | 11351 |
| 650 #7 - PUNTO DE ACCESO ADICIONAL DE MATERIA--TÉRMINO DE MATERIA | |
| Término de materia o nombre geográfico como elemento de entrada | Ordenación del territorio- |
| Subdivisión geográfica | Galicia. |
| 9 (RLIN) | 147307 |
| 650 #7 - PUNTO DE ACCESO ADICIONAL DE MATERIA--TÉRMINO DE MATERIA | |
| Término de materia o nombre geográfico como elemento de entrada | Ordenación del territorio- |
| Subdivisión geográfica | Portugal. |
| 9 (RLIN) | 147308 |
| 650 #4 - PUNTO DE ACCESO ADICIONAL DE MATERIA--TÉRMINO DE MATERIA | |
| Término de materia o nombre geográfico como elemento de entrada | Cooperación transfronteriza- |
| Subdivisión geográfica | Portugal. |
| 9 (RLIN) | 147311 |
| 700 1# - ENTRADA AGREGADA--NOMBRE PERSONAL | |
| Nombre de persona | Rodríguez González, Román. |
| 9 (RLIN) | 147309 |
| 700 1# - ENTRADA AGREGADA--NOMBRE PERSONAL | |
| Nombre de persona | Remoaldo, Paula Cristina Almeida. |
| 9 (RLIN) | 147310 |
| 830 0# - PUNTO DE ACCESO ADICIONAL DE SERIE-TÍTULO UNIFORME | |
| Título uniforme | Textos para o debate |
| 9 (RLIN) | 224342 |
| 852 ## - LOCALIZACIÓN | |
| Ubicación | ES-MaACL |
| itemnumber | 185682 |
| Sublocalización o colección | R.145979 |
| Número de control de estantería | A-11332 |
| Ubicación en estantería | Depósito 1 |
| Signatura antigua | Olim: N-4336 |
| Encuadernación | Donación: Editorial |
| 942 ## - ELEMENTOS DE ENTRADA SECUNDARIOS (KOHA) | |
| Fuente del sistema de clasificación o colocación | Clasificación decimal universal |
| Tipo de ítem Koha | Libro impreso |
| Estatus retirado | Estado de pérdida | Fuente del sistema de clasificación o colocación | Estado de daño | No para préstamo | Biblioteca de origen | Biblioteca actual | Ubicación en estantería | Fecha de adquisición | Fuente de adquisición | Total de préstamos | Signatura topográfica completa | Código de barras | Visto por última vez | Precio de reemplazo | Tipo de ítem Koha |
|---|---|---|---|---|---|---|---|---|---|---|---|---|---|---|---|
| Clasificación decimal universal | Biblioteca del Ateneo de Madrid | Biblioteca del Ateneo de Madrid | Depósito 1 | 12/07/2011 | Donación | A-11332 | 1187836 | 23/02/2023 | 23/02/2023 | Libro impreso |
